Voice of the violin (Record no. 119655)
[ view plain ]
| 000 -LEADER | |
|---|---|
| fixed length control field | 00400nam a22001457a 4500 |
| 008 - FIXED-LENGTH DATA ELEMENTS--GENERAL INFORMATION | |
| fixed length control field | 140122b xxu||||| |||| 00| 0 eng d |
| 020 ## - INTERNATIONAL STANDARD BOOK NUMBER | |
| International Standard Book Number | 9780142004456 |
| 050 ## - LIBRARY OF CONGRESS CALL NUMBER | |
| Classification number | PZ4.C183V6 |
| 100 ## - MAIN ENTRY--PERSONAL NAME | |
| Personal name | Camilleri, Andrea |
| 9 (RLIN) | 6965 |
| 245 ## - TITLE STATEMENT | |
| Title | Voice of the violin |
| 260 ## - PUBLICATION, DISTRIBUTION, ETC. (IMPRINT) | |
| Place of publication, distribution, etc | Harmondsworth |
| Name of publisher, distributor, etc | Penguin Books |
| Date of publication, distribution, etc | 2003 |
| 300 ## - PHYSICAL DESCRIPTION | |
| Extent | 249p. |
| Dimensions | 20cm |
| 700 ## - ADDED ENTRY--PERSONAL NAME | |
| Personal name | Sartarelli, Stephen (tr) |
| 9 (RLIN) | 6966 |
| 942 ## - ADDED ENTRY ELEMENTS (KOHA) | |
| Source of classification or shelving scheme | Library of Congress Classification |
| Item type | Monograph ( Printed materials) |
| Withdrawn status | Lost status | Source of classification or shelving scheme | Damaged status | Not for loan | Home library | Current library | Date acquired | Total Checkouts | Full call number | Barcode | Date last seen | Price effective from | Koha item type |
|---|---|---|---|---|---|---|---|---|---|---|---|---|---|
| Library of Congress Classification | ARRUPE LIBRARY | ARRUPE LIBRARY | 22/01/2014 | PZ4.C183V6 | 464122520 | 02/07/2019 | 22/01/2014 | Monograph ( Printed materials) |